• 首页
  • 本馆介绍
  • 公告通知
  • 最新文献
  • 馆藏检索
  • 电子资源
  • 读者导购
  • 参考咨询
  • 我的图书馆
  • 登录
  • 详细信息显示
  • 放入我的书架
  • 预约/预借图书
  • 作者相关作品
  • 分类相关作品
  • 丛书相关作品
  • 出版社相关作品

书目信息

  • 表格格式
  • 工作单格式
  • 卡片格式
题名:
中国历代秘闻轶事
    
 
作者: 诸葛文 编著
分册:   唐朝
出版信息: 北京   京华出版社  2004
页数: 327页
开本: 23cm
丛书名:
单 册:
中图分类: K209 , K242.06
科图分类:
主题词: 古代史 , 唐代 , 中国--通史
电子资源:
ISBN: 7-80600-869-1
000 00878nam0 2200277 450
001 1537821629
005 20150126103053.37
010    @a7-80600-869-1@dCNY28.80
100    @a20040514d2004 em y0chiy50 ea
101 0  @achi
102    @aCN@b110000
105    @aa z 000yd
200 1  @a中国历代秘闻轶事@Azhong guo li dai mi wen yi shi@i唐朝@e最新图文版@f诸葛文编著
210    @a北京@c京华出版社@d2004
215    @a327页@d23cm
330    @a本书尽可能从另一个侧面展现唐朝历史的丰富多彩,探讨具有争议性的话题的真伪,让读者更加感性地体会到唐朝皇宫、名人、民间和政坛发生的具有代表性的有趣事件。
606 0  @a古代史
606 0  @a唐代
606 0  @a中国@x通史
607    @a中国@x古代史@z唐代@j史料
607    @a中国
690    @aK209@v4
690    @aK242.06@v4
701  0 @a诸葛文@Azhu ge wen@c(历史)@4编著
801  0 @aCN@bNLC@c20101222
905    @aZUCC@dK209@eJY32
    
    中国历代秘闻轶事.唐朝:最新图文版/诸葛文编著.-北京:京华出版社,2004
    327页;23cm
    
    
    ISBN 7-80600-869-1:CNY28.80
    本书尽可能从另一个侧面展现唐朝历史的丰富多彩,探讨具有争议性的话题的真伪,让读者更加感性地体会到唐朝皇宫、名人、民间和政坛发生的具有代表性的有趣事件。
●
相关链接 在E读中查询图书 在五车中查询图书 在当当中查询图书 在豆瓣中查询图书


正题名:中国历代秘闻轶事     索取号:K209/JY32         预约/预借

序号 登录号 条形码 馆藏地/架位号 状态 备注
1 7838734   278387345   学院路分馆/ [索取号:K209/JY32] 在馆    
2 7838860   278388601   学院路分馆/ [索取号:K209/JY32] 在馆    
唐山师范学院图书馆 欢迎您!
大连网信软件有限公司© 版权所有